[Event "Schleswig-Holstein-ch Basis"]
[Site "Buesum"]
[Date "2010.03.31"]
[Round "7"]
[White "Makarov, Anatoliy"]
[Black "Von Postel, Karl Heinz"]
[Result "1/2-1/2"]
[WhiteElo "1292"]
[BlackElo "1210"]
[PlyCount "76"]
[EventDate "2010.03.27"]
[EventType "swiss"]
[EventRounds "9"]
[EventCountry "GER"]
[SourceTitle "EXT 2023"]
[Source "ChessBase"]
[SourceDate "2022.10.05"]
[SourceVersion "1"]
[SourceVersionDate "2022.10.05"]
[SourceQuality "1"]

1. d4 Nf6 2. Nc3 e6 3. e4 Bb4 4. Nge2 Nxe4 5. Qd3 Bxc3+ 6. Nxc3 Nxc3 7. Qxc3 d5 8. Be2 Nd7 9. Bf4 c6 10. Qb4 Qb6 11. Qc3 Nf6 12. f3 a5 13. a3 0-0 14. 0-0-0 Nd7 15. h4 c5 16. g4 g6 17. Be3 c4 18. h5 Qd8 19. g5 b5 20. b4 axb4 21. Qxb4 Qa5 22. Qxa5 Rxa5 23. Kb2 Nb6 24. Bd2 Na4+ 25. Ka2 c3 26. Bf4 b4 27. Rb1 bxa3 28. Bd6 Re8 29. Bxa3 Nb2 30. Kb3 Nc4 31. Bxc4 dxc4+ 32. Kb4 Ra8 33. hxg6 fxg6 34. f4 Bd7 35. Ra1 Reb8+ 36. Kxc3 Bc6 37. Rhe1 Bd5 38. Bd6 Rd8 1/2-1/2